| 000 | 00734nam a2200193Ia 4500 | ||
|---|---|---|---|
| 003 | OSt | ||
| 005 | 20260404112147.0 | ||
| 008 | 210210b1976 xxu||||| |||| 00| 0 eng d | ||
| 040 | _cAL | ||
| 041 | _ahindi | ||
| 082 | _aH891.9 KRAH | ||
| 100 |
_aKRASHNMURTI (M S). _dकृष्णमूर्ति (एमएस) _9260171 |
||
| 245 |
_aHindi tatha kannad sahityan ki pramukh dharavom ka tulanatmak adhyayan. _bहिंदी तथा कन्नड़ साहित्य की प्रमुख धारावों का तुलानात्मक अध्ययन |
||
| 260 |
_aMathura _bJavahar Pustakalay _c1976 |
||
| 300 | _a551 | ||
| 690 |
_aHindi Criticism _9260172 |
||
| 906 | _a033562 | ||
| 942 |
_2ddc _cBK |
||
| 999 |
_c84467 _d84467 |
||